000 01088 a2200265 4500
001 108787
020 _a9788582770092
020 _q(Broch.)
041 _apor
082 _aYear 3 [Fic]
100 _aOsborne, Mary Pope.
300 _a92 p.
490 _aA casa da árvore mágica; 14
520 _aQuem seria capaz de queimar livros? A Casa da Árvore Mágica leva João e Aninha para a China Antiga. Lá, um poderoso imperador chamado Rei Dragão deu ordens para que todos os livros fossem queimados. Será que João e Aninha conseguirão salvar pelo menos um livro? Ou serão capturados pelos soldados do imperador?
521 _aYear 3
697 _aLiteratura juvenil.
830 _aA casa da árvore mágica; 14
856 _u00002a/00002a27.jpg
040 _aBR-BrIDEA
_cBR-BrIDEA
090 _aYear 3 [Fic]
_bOSB
245 1 0 _aO dia do Rei Dragão
_cMary Pope Osborne; ilustrações Sal Murdocca; tradução de Luciano Machado
260 _aSão Paulo
_bFarol Literário
_c2013
700 _aMurdocca, Sal
_eIlustrador
_aMachado, Luciano
_eTradutor
942 _cBK
999 _c108787
_d108787